[Event "Gibraltar Challengers-B 8th"]
[Site "Caleta"]
[Date "2010.02.03"]
[Round "4"]
[White "Indrebo, Kyrre"]
[Black "Knight, Simon"]
[Result "0-1"]
[WhiteElo "1730"]
[BlackElo "2104"]
[PlyCount "78"]
[EventDate "2010.01.31"]
[EventType "swiss"]
[EventRounds "5"]
[EventCountry "GGB"]
[SourceTitle "EXT 2011"]
[Source "ChessBase"]
[SourceDate "2010.11.26"]
[SourceVersion "1"]
[SourceVersionDate "2010.11.26"]
[SourceQuality "1"]

1. d4 Nf6 2. c4 g6 3. Nc3 d5 4. Nf3 Bg7 5. Bf4 a6 6. e3 c6 7. h3 0-0 8. Rc1 Nbd7 9. cxd5 Nxd5 10. Bh2 Nxc3 11. bxc3 Qa5 12. Bc4 c5 13. 0-0 b5 14. Bb3 Bb7 15. a4 Rfd8 16. Qe2 h6 17. Rfd1 Rac8 18. axb5 axb5 19. e4 c4 20. Ba2 Ra8 21. Rd2 e5 22. Rb2 exd4 23. cxd4 Nc5 24. Bxc4 bxc4 25. dxc5 Bxb2 26. Qxb2 Bxe4 27. Bd6 Bxf3 28. gxf3 Rac8 29. Qd4 Rxd6 30. Qxd6 Qxc5 31. Qd1 c3 32. Rc2 Qe5 33. Qd3 Rc5 34. Kg2 Kg7 35. Kf1 h5 36. f4 Qf6 37. Qe3 Rc4 38. f3 Qf5 39. Rxc3 Qb1+ 0-1

[Event "Gibraltar Challengers-B 8th"]
[Site "Caleta"]
[Date "2010.02.01"]
[Round "2"]
[White "Nwachukwu, Chino"]
[Black "Knight, Simon"]
[Result "0-1"]
[WhiteElo "1848"]
[BlackElo "2104"]
[PlyCount "86"]
[EventDate "2010.01.31"]
[EventType "swiss"]
[EventRounds "5"]
[EventCountry "GGB"]
[SourceTitle "EXT 2011"]
[Source "ChessBase"]
[SourceDate "2010.11.26"]
[SourceVersion "1"]
[SourceVersionDate "2010.11.26"]
[SourceQuality "1"]

1. e4 c5 2. Nf3 d6 3. d4 cxd4 4. Nxd4 Nf6 5. Nc3 a6 6. Be3 e6 7. Bd3 b5 8. 0-0 Bb7 9. a3 Be7 10. Qe2 0-0 11. Rad1 Nbd7 12. f4 Rc8 13. Kh1 Re8 14. Nf3 Qc7 15. Qf2 Ng4 16. Qg1 Nxe3 17. Qxe3 Bf6 18. e5 dxe5 19. fxe5 Nxe5 20. Ne4 Bxe4 21. Qxe4 Nxd3 22. cxd3 Red8 23. d4 Rd5 24. h3 h6 25. Nh2 Qc2 26. Qg4 Rc4 27. Nf3 Qxb2 28. Rde1 Rc6 29. Re4 Qxa3 30. Rfe1 Qd6 31. Ne5 Bxe5 32. dxe5 Qc7 33. Qh4 Rc1 34. Rxc1 Qxc1+ 35. Kh2 Rd1 36. Qe7 Rh1+ 37. Kg3 Qg5+ 38. Qxg5 hxg5 39. Kg4 Rb1 40. Kxg5 a5 41. h4 a4 42. Kh5 a3 43. Re2 Rb2 0-1

[Event "Gibraltar Masters 7th"]
[Site "Gibraltar"]
[Date "2009.02.05"]
[Round "10"]
[White "Thomassen, Joachim"]
[Black "Knight, Simon"]
[Result "1-0"]
[WhiteElo "2290"]
[BlackElo "2148"]
[PlyCount "53"]
[EventDate "2009.01.27"]
[EventType "swiss"]
[EventRounds "10"]
[EventCountry "ENG"]
[SourceTitle "CBM 128 Extra"]
[Source "ChessBase"]
[SourceDate "2009.03.05"]
[SourceVersion "2"]
[SourceVersionDate "2009.03.25"]
[SourceQuality "1"]

1. e4 c5 2. Nf3 e6 3. d4 cxd4 4. Nxd4 a6 5. Nc3 Qc7 6. Be2 Nf6 7. 0-0 b5 8. Bf3 Bb7 9. e5 b4 10. exf6 bxc3 11. Re1 gxf6 12. bxc3 Nc6 13. Rb1 Rb8 14. Nxc6 Bxc6 15. Rxb8+ Qxb8 16. Bxc6 dxc6 17. Qf3 Qc8 18. Qxf6 Rg8 19. Bf4 Rg4 20. Bg5 Bd6 21. Rd1 Qc7 22. f4 c5 23. Qh8+ Kd7 24. Qxh7 Kc8 25. Qh8+ Kb7 26. Rb1+ Ka7 27. Bd8 1-0

[Event "Gibraltar Masters 7th"]
[Site "Gibraltar"]
[Date "2009.02.03"]
[Round "8"]
[White "Madland, Kristoffer"]
[Black "Knight, Simon"]
[Result "1/2-1/2"]
[WhiteElo "1992"]
[BlackElo "2148"]
[PlyCount "86"]
[EventDate "2009.01.27"]
[EventType "swiss"]
[EventRounds "10"]
[EventCountry "ENG"]
[SourceTitle "CBM 128 Extra"]
[Source "ChessBase"]
[SourceDate "2009.03.05"]
[SourceVersion "2"]
[SourceVersionDate "2009.03.25"]
[SourceQuality "1"]

1. e4 Nf6 2. Nc3 d6 3. d4 g6 4. Bc4 Bg7 5. Nf3 0-0 6. 0-0 Nc6 7. h3 e5 8. dxe5 Nxe5 9. Nxe5 dxe5 10. Qxd8 Rxd8 11. Be3 b6 12. f4 Be6 13. Bxe6 fxe6 14. Rad1 Nh5 15. fxe5 Ng3 16. Rfe1 Bxe5 17. Bf2 a6 18. Bxg3 Bxg3 19. Re3 Rxd1+ 20. Nxd1 Be5 21. Kf1 Rd8 22. Rd3 Rxd3 23. cxd3 Bd4 24. Ke2 Kf7 25. b3 Kf6 26. Ne3 Ke5 27. Kf3 b5 28. Nc2 Bc5 29. Kg4 Be7 30. Kf3 c5 31. a4 bxa4 32. bxa4 Bg5 33. Kg4 Bc1 34. Kf3 h5 35. Ke2 Kf4 36. Kf2 h4 37. Ke2 e5 38. Na1 Bb2 39. Nb3 Bd4 40. Na5 Kg3 41. Kf1 g5 42. Nc4 Kf4 43. Ke2 Kg3 1/2-1/2

[Event "Gibraltar Masters 7th"]
[Site "Gibraltar"]
[Date "2009.01.31"]
[Round "5"]
[White "Haug, Marianne Wold"]
[Black "Knight, Simon"]
[Result "0-1"]
[WhiteElo "1935"]
[BlackElo "2148"]
[PlyCount "42"]
[EventDate "2009.01.27"]
[EventType "swiss"]
[EventRounds "10"]
[EventCountry "ENG"]
[SourceTitle "CBM 128 Extra"]
[Source "ChessBase"]
[SourceDate "2009.03.05"]
[SourceVersion "2"]
[SourceVersionDate "2009.03.25"]
[SourceQuality "1"]

1. e4 c5 2. Nf3 a6 3. c4 Nc6 4. d4 cxd4 5. Nxd4 Qc7 6. Be2 Nf6 7. Nc3 e6 8. 0-0 Bb4 9. Qd3 h5 10. Kh1 b6 11. f4 Bb7 12. Bf3 0-0-0 13. a3 Bc5 14. Nb3 d6 15. Be3 Ng4 16. Bg1 g5 17. g3 gxf4 18. gxf4 Rhg8 19. Nd4 Qe7 20. b4 Bxd4 21. Bxd4 Nxh2 0-1

[Event "Hastings Masters op 84th"]
[Site "Hastings"]
[Date "2008.12.31"]
[Round "4"]
[White "Knight, Simon"]
[Black "Salimbeni, George PW"]
[Result "0-1"]
[WhiteElo "2148"]
[BlackElo "2103"]
[PlyCount "56"]
[EventDate "2008.12.28"]
[EventType "swiss"]
[EventRounds "9"]
[EventCountry "ENG"]
[SourceTitle "CBM 128 Extra"]
[Source "ChessBase"]
[SourceDate "2009.03.05"]
[SourceVersion "2"]
[SourceVersionDate "2009.03.25"]
[SourceQuality "1"]

1. e4 e5 2. Nf3 Nc6 3. Bb5 a6 4. Ba4 Nf6 5. 0-0 Be7 6. Re1 b5 7. Bb3 d6 8. c3 0-0 9. d4 Bg4 10. d5 Na5 11. Nbd2 Nxb3 12. axb3 c6 13. dxc6 Qc7 14. h3 Be6 15. Nf1 Qxc6 16. Ng3 Nd7 17. b4 Nb6 18. Qd3 Rfe8 19. Nh2 Na4 20. Qf3 d5 21. Ng4 f6 22. Nh5 dxe4 23. Rxe4 Bd5 24. Qg3 g6 25. Re1 Kh8 26. Bh6 Rg8 27. Nxe5 Qd6 28. Nf3 gxh5 0-1

[Event "Hastings Masters op 84th"]
[Site "Hastings"]
[Date "2008.12.30"]
[Round "3"]
[White "Prosviriakov, Vladimir"]
[Black "Knight, Simon"]
[Result "1-0"]
[WhiteElo "2327"]
[BlackElo "2148"]
[PlyCount "47"]
[EventDate "2008.12.28"]
[EventType "swiss"]
[EventRounds "9"]
[EventCountry "ENG"]
[SourceTitle "CBM 128 Extra"]
[Source "ChessBase"]
[SourceDate "2009.03.05"]
[SourceVersion "2"]
[SourceVersionDate "2009.03.25"]
[SourceQuality "1"]

1. Nf3 Nf6 2. d4 e6 3. Bg5 d5 4. Nbd2 b6 5. e4 dxe4 6. Nxe4 Be7 7. Bxf6 Bxf6 8. c3 0-0 9. Bd3 Bb7 10. h4 Re8 11. Nfg5 g6 12. Qf3 Kg7 13. Nxh7 Bxh4 14. g3 Be7 15. Nhg5 Bxg5 16. Rh7+ Kxh7 17. Qxf7+ Kh6 18. Ke2 Ba6 19. Rh1+ Bh4 20. Rxh4+ Qxh4 21. gxh4 Bxd3+ 22. Kxd3 Nc6 23. Qf4+ Kg7 24. Qxc7+ 1-0

[Event "Mexican op 54th"]
[Site "Aguascalientes"]
[Date "2008.03.20"]
[Round "3"]
[White "Knight, Simon"]
[Black "Espinosa Flores, Rafael Emilio"]
[Result "0-1"]
[WhiteElo "2130"]
[BlackElo "2386"]
[PlyCount "79"]
[EventDate "2008.03.18"]
[EventType "swiss"]
[EventRounds "9"]
[EventCountry "MEX"]
[SourceTitle "CBM 123 Extra"]
[Source "ChessBase"]
[SourceDate "2008.05.06"]
[SourceVersion "1"]
[SourceVersionDate "2008.05.06"]
[SourceQuality "1"]

1. d4 Nf6 2. Nf3 c5 3. e3 g6 4. Bd3 Bg7 5. Nbd2 0-0 6. c3 d6 7. 0-0 Nc6 8. a4 b6 9. Re1 Bb7 10. Bf1 Qc7 11. Qc2 Rac8 12. dxc5 bxc5 13. e4 e6 14. Nb3 Nd7 15. Be3 Nce5 16. Nxe5 Nxe5 17. Rad1 Rb8 18. f3 Bc6 19. Nd2 Rfd8 20. b3 Qe7 21. Bf2 Qf6 22. Rc1 Bh6 23. Rb1 Bf4 24. b4 Qg5 25. h4 Qf6 26. b5 Ba8 27. Nb3 g5 28. g3 Nxf3+ 29. Kg2 Nxe1+ 30. Rxe1 Be5 31. hxg5 Qxg5 32. Nd2 Qg7 33. Nf3 Bxc3 34. Rc1 Bf6 35. Bd3 Rbc8 36. Rh1 c4 37. Be2 Qg6 38. Bxa7 Qxe4 39. Qxe4 Bxe4 40. Rh4 0-1

[Event "Carlos Torre Memorial op 19th"]
[Site "Merida"]
[Date "2006.12.17"]
[Round "6"]
[White "Knight, Simon"]
[Black "Escobedo Tinajero, Alberto"]
[Result "0-1"]
[WhiteElo "2100"]
[BlackElo "2383"]
[PlyCount "68"]
[EventDate "2006.12.14"]
[EventType "swiss"]
[EventRounds "9"]
[EventCountry "MEX"]
[SourceTitle "CBM 115 Extra"]
[Source "ChessBase"]
[SourceDate "2007.01.10"]
[SourceVersion "1"]
[SourceVersionDate "2007.01.10"]
[SourceQuality "1"]

1. d4 d5 2. Nf3 Nf6 3. e3 c6 4. Bd3 Nbd7 5. Nbd2 g6 6. Qe2 Bg7 7. e4 dxe4 8. Nxe4 Nxe4 9. Qxe4 Nf6 10. Qh4 Bg4 11. Be2 h6 12. c3 Qc8 13. h3 Bf5 14. Ne5 Ne4 15. Bc4 Nd6 16. Bb3 c5 17. 0-0 c4 18. Bd1 f6 19. Ng4 Bd3 20. Re1 Nf5 21. Nxf6+ Kf7 22. Qf4 Bxf6 23. Bf3 g5 24. Bd5+ Kg7 25. Qf3 Nd6 26. b3 Qf5 27. Bxb7 Qxf3 28. Bxf3 Rab8 29. Ba3 Rhd8 30. Bc5 Rd7 31. Re3 cxb3 32. axb3 Rxb3 33. Bc6 Rc7 34. Bxa7 Rxc3 0-1